| 000 | 00835nam a2200241Ia 4500 | ||
|---|---|---|---|
| 003 | OSt | ||
| 005 | 20220926022258.0 | ||
| 006 | a|||||r|||| 00| 0 | ||
| 007 | ta | ||
| 008 | 220923b |||||||| |||| 00| 0 eng d | ||
| 037 | _cGeneral Book | ||
| 040 |
_aRTL _cRTL _beng |
||
| 041 |
_2eng _aeng |
||
| 082 | _aV1N45,93:3.N82r, M2/UN | ||
| 110 |
_aUnited Nations, General Assembly _999298 |
||
| 245 | 0 |
_aReport of the Preparatory committee for the international conference on the question of palestine _b Official record, thirty- seventh session. |
|
| 260 |
_aNew York _bUnited Nations General Assembly _c1982 |
||
| 300 |
_aiv;12p _ccm. |
||
| 500 | _aSupplement no. 49 | ||
| 700 |
_aUnited Nations, General Assembly _999299 |
||
| 942 |
_hV1N45,93:3.N82r, M2/UN _cGB _2CC |
||
| 999 |
_c639078 _d639078 |
||